| 000 | 00418nam a2200169 a 4500 | ||
|---|---|---|---|
| 001 | 1850 | ||
| 003 | CDMR | ||
| 005 | 20130314172514.0 | ||
| 008 | 130130s1968||||||||||||||||||||||||||||d | ||
| 040 |
_aCDMR _bcat _cCPC GIRONA |
||
| 100 | 1 |
_aGaziel _949 |
|
| 245 | 1 | 0 |
_aL'home és el tot _cGaziel |
| 260 |
_c1968 _bSelecta _aBarcelona |
||
| 490 | 0 |
_aBiblioteca Selecta _v325 |
|
| 490 | 0 |
_aViatges i somnis _v5 |
|
| 942 |
_cMON _2udc |
||
| 999 |
_c1850 _d1850 |
||